000 00626nam a2200181Ia 4500
008 100920s9999 xx 000 0 und d
082 _b97636
_a320 थ 65
100 _aदेवगिरीकर त्र्यं. र.
245 _aराजकीय आठवणी.
260 _bचित्रशाळा प्रेस प्रकाशन, पुणे30.
_c1965
300 _a310
_bसाधी
365 _b10
520 _aराजकारण.
630 _aराजकीय आठवणी.
650 _aराजकारण.
730 _aराजकीय आठवणी.
942 _cBOOK
999 _c738074
_d738071